| 000 | 01013cam a22002291 4500 | ||
|---|---|---|---|
| 001 | gs 16000413 | ||
| 003 | DLC | ||
| 005 | 20260227111319.0 | ||
| 008 | 920624s1915 ag ab 000 0 spa c | ||
| 010 | _ags 16000413 | ||
| 035 | _a(OCoLC)26077424 | ||
| 040 |
_aLibrary, U.S. Geological Survey _cCSt _dDLC |
||
| 042 | _apremarc | ||
| 050 | 0 | 0 |
_aTN37.T5 _bB3 |
| 100 | 1 | _aBarnabé, Juan F. | |
| 245 | 0 | 0 |
_aInforme sobre el distrito minero de Tinogasta _b(Provincia de Catamarca) _cpor el ingeniero Juan F. Barnabé ... |
| 260 |
_aBuenos Aires, _bTalleres gráficos del Ministerio de agricultura, _c1915. |
||
| 300 |
_a58 p. _billus., fold. maps, diagrs. _c27 cm. |
||
| 490 | 0 |
_aArgentine Republic. Ministerio de agricultura. Sección geología, mineralogía y minería. Anales. _vtomo X, núm. 4 |
|
| 500 | _aAt head of title: ... Dirección general de minas, geología e hidrología. Contribución al conocimiento de la industria minera. Informes regionales. | ||
| 650 | 0 |
_aMines and mineral resources _zArgentina. |
|
| 999 |
_c25674 _d25674 |
||